000 01177nam a2200253Ia 4500
999 _c3838
_d3838
003 OSt
005 20200416161212.0
008 191128s2016 ck ad gr 001 0dspa d
020 _a9789585605824
040 _aCO-JMCR
_cCO-JMCR
041 0 _aspa
082 0 4 _a303.44 /
_bR436d
100 1 _aRestrepo, Darío,
_eautor
_93159
245 1 0 _aDimensiones territoriales del desarrollo, la democracia y el bienestar :
_b contribución a la agenda alternativa del posacuerdo /
_cDarío Restrepo
260 _aBogotá :
_bPlaneta Paz : Oxfam : Observatorio Nacional de Paz,
_c2016
300 _a33 páginas :
_bilustraciones y gráficas a blanco y negro ;
_c29 cm.
490 0 _aEstudios técnicos para la construcción de la paz
500 _aBibliografía: páginas 32-33.
505 _aEnfoque teórico y carácter de las propuestas -- El plan nacional de desarrollo, el presupuesto y la contabilidad nacional -- El sistema político nacional y la representación territorial -- El sistema político territorial
650 1 4 _aDesarrollo social
_zColombia
_93160
650 2 4 _aInvestigaciones
_zColombia
_93161
650 2 4 _aAcuerdos de paz
_zColombia
_93162
942 _2ddc
_cBK